| 000 | 00607nam a22001695i 4500 | ||
|---|---|---|---|
| 001 | 166168 | ||
| 003 | ES-MaACL | ||
| 005 | 20230906213257.0 | ||
| 008 | 001122s1847 sp |||| | spa d | ||
| 080 | _a811.134.2'36 | ||
| 100 | 1 |
_aTerradillos, Ángel María. _9133185 |
|
| 245 | 1 | 0 |
_aCompendio menor de gramática castellana... / _cpor Ángel María Terradillos. |
| 260 |
_aMadrid : _b[s.n.], _c1847 ( _fImp. de la Viuda de Jordán e Hijos) |
||
| 300 |
_a95 p. ; _c16 cm. |
||
| 650 | 4 |
_aLengua española- _xGramática. _914161 |
|
| 852 | 4 |
_aES-MaACL _jT-39-F-2 _z- Enc. hol. _z- Enc. en un vol. facticio |
|
| 999 |
_c166168 _d166168 |
||